Quizzes
Events
Quiz Creation
Community
Videos
Private Events
Remove Ads
Sign In
Join for FREE
Feedback
Dark Mode
Quiz Categories
Sports
Geography
Music
Movies
Television
Just For Fun
Miscellaneous
History
Literature
Language
Science
Gaming
Entertainment
Religion
Holiday
For Kids
Quiz Lab
Recent
Popular Today
Quiz Kudos Today
Editor Picks
Curator Picks
Quizzes by...
Day
Popularity
Type
Ratings
Length
Year
Community
Subscriptions
Recent Discussions
Orange Saloon
Badges
Playlists
Quests
Create
Leaderboards
Showdown
Live 5
Trivia Bingo
Activity
Puzzle Library
Sporcle Events
Private Events
Virtual Trivia
Globe League
Become a Host
Pub Owners
SporcleCon
Opinionation
Our Games
Videos
Blog
Mobile Apps
Partnerships
Remove Ads and Go Orange
Feedback
Entertainment
Celebrity
Famous
Musical
Broadway
Show
Quote
Comic Books
Anime
Superhero
DC Comics
Marvel
Cartoons
Animation
Entertainment
Celebrity
Famous
Musical
Broadway
Show
Quote
Comic Books
Anime
Superhero
DC Comics
Marvel
Cartoons
Animation
Random Quiz
Search Sporcle
×
Quiz Lab
Quiz Lab
Entertainment
uni
Type in answers that appear in a list
Type in answers that appear in a list
Classic
Best Score? Go Orange.
Maths at Soton Uni quotes Stats
Can you name the Maths at Soton Uni quotes?
By
davieboy01
8m
44 Questions
19 Plays
19 Plays
19 Plays
Comments
Comments
Give Quiz Kudos
Give Quiz Kudos
-
- Ratings
hide this ad
Random Order
Randomize order of answers
Randomize order of answers
Replay
Link that replays current quiz
Next Quiz
Link to next quiz in quiz playlist
You Got
0%
They Got
Avg Score
52%
Avg Friend Score
Upgrade to see
Score Distribution
Jump to the score distribution portion of the page
Score
0/44
Timer
08:00
0
Plays Today
Person
Quote
% Correct
Genius
You ****!
89.5%
****
That is Genius
89.5%
Question
What's a map?
84.2%
Bluedorn (never actually happened)
IIII'M BLUEDORN!!!!
84.2%
Varius incl Bruv and ****
Raaaaaaaaaaarrrrrrrrrr!!!!!!
78.9%
Koeck
Recipy
78.9%
Dipshit
Why would you take a pregnancy test?
73.7%
Slutters
Im so confused
73.7%
Slutters
Im so tired
73.7%
Calculus wanker
Pay or dont play
73.7%
Anderson
Let me know
68.4%
Slutters
On a completely more other note
68.4%
Slutters
See you there then
68.4%
Martino
Somehow!
68.4%
The Mighty Rivers (not a quote)
I hate Nightingale building
68.4%
Koeck
On this island
68.4%
Koeck (hard)
The Cheesey tea
63.2%
The Mighty Rivers (not a quote)
Slam pelvis into pocket
63.2%
Calculus wanker
Its a simple rule
63.2%
**** (hard)
She turned around and i was like *claps*
57.9%
Slutters to The Mighty Rivers
You're fat
52.6%
Slutters
I just wanna hit balls
52.6%
Person
Quote
% Correct
The Mighty Rivers
He just spermed in his face
52.6%
Wrighty
Umm Umm Erm Umm Umm Umm Erm Erm Erm Umm Umm Umm Umm Erm Erm Erm
52.6%
Slutters
Im a little bit offended
47.4%
Calculus wanker
I'll speak to them!
47.4%
****
Its over there, that is long
47.4%
Slutters (hard, snooker related)
The highest prime we are both divisible by the better
42.1%
Slutters
If it helps
42.1%
Slutters
COME ON, THAT WAS A GOOD SHOT!!!
36.8%
The Mighty Rivers
A9 FTW
36.8%
Slutters
BFV Theorem
36.8%
The Mighty Rivers to Calculus Wanker (i wish)
What's better? 2 kings or 3 eights?
36.8%
Calculus wanker
What i said stands
36.8%
Slutters
If you hit it harder you get more chances
36.8%
Koeck
Oops Oops Oops Oops
31.6%
Genius
At first it doesn't seem like there's much talent in the room, but it is der, but if you look rele rele hard, it is der, you just have to look REALLY REALLY hard
31.6%
Cheesey25
You're a terrible person being
31.6%
Slutters
10 7 beats any hand
26.3%
The Mighty Rivers
I'm more of a black man
21.1%
Slutters
That was hysterical (Straight face)
15.8%
Carmine Ornaghi
Risk Lovairair
15.8%
Slutters
On a scale of 1 to 10 thats really annoying
10.5%
Slutters
Well that's an obvious shot
5.3%
Quiz Playlist
Details
Report
Send in Message
Add To Playlist
Classic:
Type in answers that appear in a list
Random Order:
Randomize order of answers
Last Updated: Feb 16, 2017
Quiz Scoreboard
CHALLENGE
Sign Up to Join the Scoreboard
Show All
Scores
Hide
Comments
May contain spoilers
Recently Published
Popular People in 1961
by mucciniale
History
6m
1-10 Letter E Words III
by El_Dandy
Language
2m
One Thing in Common: World Cities II
by knightlancer
Geography
7m
More to Explore
Quiz From the Vault
Featured Blog Post
Where Did the Easter Bunny Come From?
hide this ad
You Might Also Like...
Tags
uni
Today's Top Quizzes in Entertainment
Browse Entertainment
hide this ad
Today's Top Quizzes in uni
Browse uni
Top Contributed Quizzes in Entertainment
1
Kamen Rider Motifs
2
Dragon Ball Z: Goku's Fights in Order
3
Dragon Ball Z: Mega Character Search
4
One Piece Arcs By Order III
5
Survivor Winners Logic Quiz
6
Undead Unluck Minefield
7
Criteria Quickie: Cartoon Taxonomy II
8
Marvel Characters Bunker
9
Who Wants to Be a Millionaire: Anime Edition
10
Demon Slayer 11-1
Explore More
Trending Topics
Harry Potter
Crossword
Kpop
NBA
Disney
Marvel
Anime
Country
The Office
Puzzle
NFL
Pokémon
Song
Soccer
WWE
hide this ad
More By:
davieboy01
Quiz
Plays
Rating
Category
Featured
Created
Formula One Drivers 2009/2010
143
5.00
Sports
Nov 22, 2010
Countries and Capitals common 4 letters
114
5.00
Geography
Dec 9, 2011
Go to Creator's Profile
Score Distribution
Quiz Creator Spotlight
davieboy01
Follow
Send a Message
Quizzes Created
-
Created Quiz Play Count
-
More By This Creator
Popular Quizzes Today
1
Find the US States - No Outlines Minefield
2
Find the Countries of Europe - No Outlines Minefield
3
The Countries of the World
4
Popular People in 1961
5
1-10 Letter E Words III
6
Find the US States
7
US States
8
One Thing in Common: World Cities II
More Entertainment Quizzes
Avoid the Disney Characters
Published
Trending Quizzes
Risky Map Clicking: Least Populous States A-Z
1-10 Letter F Words
1-10 Letter G Words
One Thing in Common: United Kingdom
Risky Map Clicking: Next State Alphabetically
Recently Updated
Leaping Animals
pecheneg
Reality TV Shows (A-Z)
bhenderson79
Rickey Henderson's Hall of Fame Teammates
pecheneg
Champions League XIs: Arsenal
pecheneg
Quick Pick: Celebrities in WWE's Hall of Fame
aduchscher
A-Z Keypad Blitz II
pecheneg
Multiple Oscar Actors
pecheneg
Mystery Phrase Blitz: Oscar 'Best Actors'
pecheneg
F. Scott Fitzgerald Novels
LTH
Pick 3 Villains
ddd62291
Trending Topics
Kpop
Disney
Harry Potter
Marvel
NBA
Anime
Crossword
Country
Soccer
NFL
WWE
The Office
Song
Pokémon
Puzzle
Your Account Isn't Verified!
In order to create a playlist on Sporcle, you need to verify the email address you used during registration. Go to your
Sporcle Settings
to finish the process.
Report this User
Report this user for behavior that violates our
Community Guidelines
.
Details:
Send Report
Go to the Sporcle.com Mobile Site →
Comments